| 000 | 00353nam a2200145Ia 4500 | ||
|---|---|---|---|
| 008 | 150201s2012 xx 000 0 und d | ||
| 082 |
_a621.3822 _bIFE |
||
| 100 | _aIfeachor,Emmanuel | ||
| 245 | _aDigital signal processing | ||
| 250 | _a2nd Ed. | ||
| 260 |
_bPearson _aN.Delhi _c2012 |
||
| 300 | _a933p. | ||
| 700 | _aJervis,Barrie W | ||
| 942 |
_2ddc _cBK |
||
| 999 |
_c5559 _d5559 |
||